000 00989cam a2200301 a 4500
001 000018261
003 UkOxU
005 20200929165427.0
008 750919s1969 sp 000 f spa d
035 _aOCLC ocm01637478 from D961226T
040 _aDO-SdBNP
_cDZM
_dEQO
041 1 7 _aspa
_heng
_2código de idioma Marc
082 _a863.64
_bB466g
100 1 _aBenguerel, Xavier,
_d1905-1990
_939553
240 1 0 _aGorra de plat
_lEspañol
245 1 0 _aGorra de plato /
_cXavier Benguerel ; traductor Luis Carandell.
260 _aMadrid :
_bAlfaguara,
_c1969.
300 _a308 p. ;
_c21cm.
490 1 _aAlfaguara Literatura
_v20
534 _aTítulo original
_tGorra de plat
650 4 _aNovela española
_91123
650 4 _aLiteratura española
_9632
700 1 _aCarandell, Luis
_etr.
_927704
830 0 _aAlfaguara Literatura ;
_v20
_939554
910 _aCatalogación por copia /Oxford
049 _aBNGR
999 _c17782
_d17782